[Event "World Cup"]
[Site "Khanty-Mansiysk"]
[Date "2009.11.30"]
[Round "4.1"]
[White "Gashimov, Vugar"]
[Black "Caruana, Fabiano"]
[Result "1/2-1/2"]
[WhiteElo "2758"]
[BlackElo "2652"]
[Annotator "Caruana,F"]
[PlyCount "62"]
[EventDate "2009.11.21"]
[EventType "k.o."]
[EventRounds "7"]
[EventCountry "RUS"]
[SourceTitle "CBM 134"]
[Source "ChessBase"]
[SourceDate "2010.01.18"]
[SourceVersion "1"]
[SourceVersionDate "2010.01.18"]
[SourceQuality "1"]

1. e4 e5 2. Nf3 Nc6 3. Bb5 a6 4. Ba4 Nf6 5. O-O Nxe4 {In my previous games in
Khanty, I had exclusively chosen the Arkhangelsk variation of the Ruy Lopez.
Although my result was fully satisfactory, I decided to change my opening for
this game.} 6. d4 b5 7. Bb3 d5 8. dxe5 Be6 9. Nbd2 Nc5 10. c3 Be7 11. a4 $5 {
A rare and interesting move, which I had never analysed before. It had been
played before in the high level game Morozevich-Carlsen.} ({In our second
rapid game Gashimov switched to} 11. Nd4 $5 Nxe5 12. Bc2 ({I had only analysed
} 12. f4 Nc4 13. f5 Bd7 14. Nxc4 bxc4 15. Bc2 O-O 16. Qf3 c6) 12... Qd6 13.
N2b3 (13. f4 Nc6) ({and} 13. b4 Na4 {are satisfactory for Black.}) 13... Ne4 $2
{A serious mistake, but the correct response was very difficult to find with
limited time on the clock.} (13... Bg4 $1 14. f3 Nxb3 15. axb3 Bd7 16. f4 (16.
Bf4 O-O 17. Re1 Bf6 $15) 16... Ng4 {, and only Black can be better.}) 14. Bf4
g5 15. Bxe5 Qxe5 16. Re1 Bd6 17. g3 Qf6 18. Bxe4 dxe4 19. Rxe4 O-O 20. Nxe6
fxe6 21. Qe2 $16 {, and I was in a desperate situation and duly lost.}) 11...
b4 $2 {A highly dubious move.} (11... Nxb3 12. Qxb3 $6 {A strange move.} ({
I would prefer} 12. Nxb3 O-O {, and now either 13.Be3 or} 13. axb5 axb5 14.
Rxa8 Qxa8 15. Bg5 {, when White might have a slight edge, but Black is pretty
solid in any case.}) 12... O-O (12... d4 {is natural and strong.}) 13. axb5
axb5 14. Rxa8 Qxa8 15. Qxb5 Rd8 16. Qd3 Qb7 17. Nd4 Nxe5 18. Qe2 Bf6 19. Nxe6
fxe6 20. f4 Qb6+ 21. Kh1 Nf7 22. Nf3 c5 23. g4 Re8 24. g5 Bd8 25. f5 e5 26. c4
Qa6 27. Re1 e4 28. cxd5 Qxe2 29. Rxe2 Nd6 30. Nh4 h6 31. Bf4 Nb5 32. d6 Nd4 33.
Rg2 Bxg5 34. Bxg5 hxg5 35. Rxg5 Kf7 36. Rg3 Nb5 37. Rg6 Rd8 38. Re6 Nxd6 39.
Re5 c4 40. Rd5 Kf6 41. Ng2 Ke7 42. Ne3 {0.5 Morozevich=Carlsen,07}) 12. Nd4 {
The obvious refutation of 11...b4.} Nxb3 $5 {This was a difficult choice for
me, and I burned up a lot of time deciding what to play. In the end I probably
found the best chance.} (12... Nxd4 13. cxd4 Nxb3 (13... Nd3 14. Nf3 Nxc1 15.
Rxc1 $16) 14. Nxb3 O-O 15. Be3 Qd7 16. Qd2 $16) (12... Nxe5 13. cxb4 (13. Re1
Ned3) (13. Qh5 Qd6) (13. f4 Ned3 14. f5 {also looks dangerous for Black.})
13... Nxb3 14. N2xb3 {, with a strong initiative.}) (12... Qd7 $5 {could also
be considered:} 13. Bc2 $1 {An ambitious move, which leads to highly
complicated play. The alternative 13.Nxc6 transposes to the game.} (13. Nxc6
Qxc6 14. cxb4 Nxb3 15. Nxb3 Bxb4 {transposes to the game.}) 13... bxc3 14. bxc3
Nxe5 (14... O-O 15. f4 $36) 15. f4 Bg4 16. Qe1 Ned3 17. Qg3 ({White can also
consider} 17. Qe3 $5 Nxc1 18. Raxc1 O-O 19. h3 Bh5 20. g4 Bxg4 21. hxg4 Qxg4+
22. Kh2) 17... Nxc1 18. Raxc1 O-O {Black's position looks like it is ready to
collapse, but it proves to be surprisingly resilient. White will have to show
considerable ingenuity to prove an advantage.} 19. Rce1 ({Black seems to
survive, against all odds, after} 19. f5 Bg5 $3 20. Rf2 h5 21. h3 Ne4 $1 22.
Nxe4 Bxc1 23. Nd2 Bxd2 24. Rxd2 c5 25. hxg4 cxd4) 19... Bh5 {This seems like
the most resilient of Black's options.} (19... Bf6 20. f5 Bh5 21. Qh3 g6 22. g4
$18) (19... f5 20. h3 Bh5 21. Nxf5 Bf6 22. Re7 $18) (19... Rfe8 20. h3 Bh5 21.
Re5 Bg6 22. f5 Bd6 23. Rxe8+ Rxe8 24. Qf3 $18) (19... g6 20. f5 (20. Rxe7 Qxe7
21. Qxg4 Qe3+ 22. Rf2 Qxc3) (20. h3 Bh5 21. Nf5 Bf6) 20... Bh5 21. f6 (21. Qh3
Bg5 22. Nb1) (21. Qf4) 21... Bd6 22. Qg5 Rfe8 (22... Kh8 23. Re7 Bxe7 24. fxe7
$18) 23. Bf5 Qd8 24. Nc6 Rxe1 25. Nxd8 Rxf1+ 26. Nxf1 Rxd8 27. g4 $18) (19...
Rae8 20. f5 (20. h3 Bh5 21. Re5 Bg6 22. f5 Bd6) 20... Bg5 (20... h5 21. h3 Bd6
22. Qf2) 21. Nb1 $1 {An awkward move, but the knight can not find safety
elsewhere.} Rxe1 22. Rxe1 Re8 23. h3 Rxe1+ 24. Qxe1 Bh5 25. g4 {, when White
finally wins the wayward bishop. Although matters are still not fully clear,
White should be better.}) 20. Re5 (20. Nf5 Bf6) (20. Bf5 Qd6) 20... Bg6 21. f5
Bd6 22. fxg6 (22. Rxd5 Bxg3 23. Rxd7 Nxd7 24. fxg6 Bd6 25. gxf7+ Rxf7 26. Bb3
Raf8 27. Ne4 Nc5 28. Nxc5 Bxc5 $11) 22... fxg6 23. Rxd5 Rxf1+ (23... Bxg3 24.
Rxd7 Bxh2+ 25. Kxh2 Nxd7 26. Rd1 $1 $14 {White must preserve the rooks. Black
faces an unpleasant defensive task.}) 24. Kxf1 (24. Nxf1 Bxg3 25. Rxd7 Bxh2+
26. Kxh2 Nxd7 $13) 24... Rf8+ 25. N2f3 Bxg3 26. Rxd7 Nxd7 27. hxg3 $14 {
This type of endgame is not so clear; Black will have good chances if he
manages to penetrate with his rook. However, White should have an advantage,
as his minor pieces coordinate nicely.}) 13. Nxc6 {Probably the most testing
move.} (13. N2xb3 Qd7 14. f4 Nxd4 15. cxd4 (15. Nxd4 c5 16. f5 cxd4 17. fxe6
Qxe6 18. cxd4 O-O $11) (15. Qxd4 Rb8 (15... bxc3 16. bxc3 O-O 17. Ba3) 16. Be3
(16. Nc5 Qc6) 16... O-O 17. Nc5 Bxc5 18. Qxc5 bxc3 19. Qxc3 Bf5 {, and Black
will achieve counterplay with the strong bishop on e4.}) 15... O-O 16. Be3 a5
17. Qd2 Bf5 18. Rfc1 Ra6 {, again with certain counterplay for Black.}) 13...
Qd7 14. Nxb3 ({Obviously not} 14. Nxe7 $2 Nxa1 $19) 14... Qxc6 15. cxb4 (15.
Nd4 Qd7 {changes little.}) 15... Bxb4 16. Be3 {White has a bind on the dark
squares. However, matters are still far from clear. In the game White seemed
to achieve all his aims, but Black retained a solid position.} O-O 17. f4 Qd7 {
Black cannot allow White to play f5.} 18. Bc5 ({The position with opposite
colour bishops brings White no advantage:} 18. Nc5 Bxc5 19. Bxc5 Rfb8 20. b4 d4
$11) 18... Rfb8 {Black has pressure down the b-file and plans to play ...
Bf5-e4. So White has to act fast.} 19. Bxb4 (19. Qd4 a5 {had to be forseen in
advance. Black has a good position, and can continue with ...Rb7 and ...Rab8,
or with ...Bf5-e4.}) 19... Rxb4 20. Nc5 Qe7 $1 {A strong move. The following
sequence which occurred in the game had to be forseen in advance, and it
wasn't easy to evaluate the resulting position, as White's initiative seems
extremely dangerous.} (20... Qc6 21. Nd3 (21. Rc1 Bf5 22. b3) 21... Rd4 22. f5
Bd7 23. Qf3 (23. e6 fxe6 24. f6) 23... Qb6 24. Kh1 $36) (20... Qc8 21. Qf3 {
, and Black cannot stop f5.} (21. f5 Bxf5 22. Qxd5 Be6 23. Nxe6 fxe6) (21. Qd2
Rab8 22. b3 d4)) 21. Nd3 Rd4 {The rook is actively placed here.} 22. f5 Bd7 23.
Qf3 $6 {Too acedemic. It is likely that Vugar underestimated my next move.} ({
The logical} 23. f6 $1 {was very dangerous. Black would be walking a tightrope
to survive.} gxf6 {A brave and principled move.} (23... Qe6 24. Qf3 Qf5 (24...
Qg4 25. Rac1 (25. Nc5 Qxf3 26. Rxf3 Bg4 27. Rg3 g6 28. Rc1 $14) 25... Qxf3 26.
Rxf3 Bxa4 (26... Ra7 27. Nc5 $16) 27. Rxc7 Bb5 28. e6 fxe6 29. Rxg7+ Kh8 30.
Ne5 $18) (24... Rb8 25. Nc5 Qc6 26. fxg7 $18) (24... Qb6 25. a5 Qa7 26. Kh1 $18
) 25. Nc5 (25. Qxf5 Bxf5 26. Nc5 g6 27. Rfd1 Rc4 28. Rac1 Rxc1 29. Rxc1 a5 30.
Nb7 $16) 25... Qxf3 26. Rxf3 Bg4 27. Rg3 g6 28. Rc1 $14) (23... Qf8 24. Qf3 Rb8
25. b4 $16) 24. Rxf6 (24. exf6 $4 Qe3+ $19) 24... c5 $1 {The most resilient
defence, leading to enormous complications.} (24... Kh8 25. Qf3 Be6 26. Nf4 $36
) (24... Qf8 25. Qf3 Qg7 26. Nc5 Bg4 27. Qe3 $18) (24... Rb8 {can be met by
the straightforward 25.Qd2, with a strong attack, or with 25.Qc2, when Black
has no counterplay for his damaged structure and weak king.} 25. Qd2 (25. Qc2
$16) 25... Rb3 (25... Qxe5 26. Nxe5 Rxd2 27. Nxd7 Rbxb2 28. Kh1 Rxg2 29. Rg1
Rxg1+ 30. Kxg1 d4 31. Rf4 $1 d3 32. Rg4+ Kh8 33. Nf6 Rb8 34. Kf2 $18) 26. Qg5+
Kh8 27. Nf4 $40 (27. e6 $5 Bxe6 28. Nf4)) 25. Qf3 c4 26. Nf4 Re4 $1 {
Ironically, this move is designed to protect the d5-pawn!} (26... Qxe5 $2 27.
Qg3+ Kh8 28. Ng6+ $18) 27. Rf1 Qxe5 28. Qg3+ (28. Nxd5 $2 Bg4 $1) (28. Rxf7 Bf5
$1 (28... Kxf7 {is attractively refuted by} 29. Nd3+ Qf5 30. Qh5+ $1 Kf6 31.
Qh6+ Ke7 32. Qg7+ Kd6 33. Qg3+ Ke7 34. Rxf5 Bxf5 35. Nc5 $18) 29. Rb7 (29. Nd3
Qd4+ 30. Kh1 Kxf7 31. Qxf5+ Kg8 {, and White's attack has been refuted,
although he can still bail out with a draw after} 32. Nc5 $1 $11) 29... Rf8 (
29... Kh8 30. Qf2 {transposes to 28.Qg3}) 30. Qg3+ Bg6 31. Rxh7 Qd4+ 32. Kh1
Kxh7 33. Qxg6+ Kh8 34. Qh6+ Kg8 $11 {, with a draw, as the rook ending after}
35. Qxf8+ Kxf8 36. Ne6+ Kg8 37. Nxd4 Rxd4 {is perfectly fine for Black.}) 28...
Kh8 29. Rxf7 Be6 (29... Rg8 30. Qh4 (30. Rxh7+ Kxh7 31. Qh4+ Kg7 32. Nh5+ Kh8
$11) (30. Qf2 $5 {immediately is also highly dangerous.}) 30... Bf5 31. Qf2 $1
(31. Qf6+ Qxf6 32. Rxf6 Re5 33. Rxa6 d4 $44) 31... d4 32. g3 $1 {, and White
threatens Nh5, which is very difficult to stop.} Bg4 {is convincingly refuted
by} (32... d3 33. Nh5 Bg6 34. Rf8 $18) 33. Nd5 $3 Re2 34. Qf6+ Qxf6 35. Nxf6
$18) 30. Re7 (30. Nxe6 Qxg3 31. hxg3 Rxe6 $11) 30... Qd4+ 31. Kh1 Qf6 32. Qc3
Qxc3 (32... d4 $2 {would be a terrible mistake:} 33. Qf3 Rxf4 34. Qxa8+ Bg8 35.
Rxf4 Qxf4 36. h3 Qc1+ 37. Kh2 Qf4+ 38. g3 Qf2+ 39. Qg2 $18) 33. bxc3 Bg8 34.
Rxe4 dxe4 {This ending is easily held by Black. For instance,} 35. Kg1 Rb8 36.
Kf2 Rb3 37. Rc1 Ra3 38. Ke3 Rxa4 39. Kxe4 Ra2 $11) 23... f6 $1 {A move which
wasn't easy to decide on, since the positions with a pawn on e6 seemed very
dangerous for Black. However, I realized that the threat of f6 would be too
strong in the long run.} (23... Rb8 24. Rae1 (24. f6) 24... Rb3 25. Re3 $16 {
, with a strong attack.} f6 {is too late now:} 26. exf6 Qxf6 27. Nc5 Rxe3 28.
Qxe3 {, and Black's position is a wreck.}) 24. Rfe1 {Natural and played very
quickly. I had expected 24.Rae1 instead.} (24. e6 {must be met by the "greedy"}
Bxa4 25. Qe3 Rc4 26. Rfc1 Bc2 {, with a reasonable position, as the e6-pawn is
securely blockaded.}) (24. exf6 Qxf6 25. Nc5 Qd6 26. Rac1 (26. Nxd7 Qxd7 27. f6
Rf8 {looks okay for Black.}) 26... Rf8 27. Qe3 Rb4 {, and I don't see any
reason why White is better here.}) ({Finally,} 24. Rae1 {would be met by the
same move as in the game:} Rf8 $1) 24... Rf8 $1 {After this strong move my
opponent thought for a long time.} 25. Rac1 {I hadn't expected this move. It
leads to a draw by force, which indicates that Vugar couldn't find any
advantage after 25.e6.} (25. e6 Bxa4 26. Qe3 Rc4 27. Rec1 {is again met by} Bc2
{, with a good game.} ({I hadn't seen 27...Bc2, and instead I planned} 27...
Bb5 28. Rxc4 dxc4 29. Qc5 (29. Nf4 Rd8 $13) 29... Qxc5+ 30. Nxc5 Rd8 {, when I
felt that Black's position was safe.})) 25... fxe5 {A move which only took a
few minutes to calculate until the end. We blitzed out the remaining moves.}
26. Nxe5 (26. Rxe5 $2 Qd6 27. Rce1 c5 {is obviously not in White's favour.})
26... Rxf5 27. Nxd7 (27. Qc3 $4 Rxe5 $19) (27. Qg3 Re4 $1 {had to be seen when
I played 25...fxe5.} 28. Rxe4 dxe4 29. Nxd7 Qxd7) 27... Qxd7 28. Rxc7 Rxf3 29.
Rxd7 Rf7 30. Rd8+ Rf8 31. Rd7 Rf7 {This sharp draw was a great moral boost,
and gave me a lot of confidence for the second game. I was very close to
winning that game (and with it the match), but at the critical moment I lost
energy, and my opponent escaped with a draw. In the tiebreaker I lost without
a fight, which certainly was a disappointing end to the tournament for me.}
1/2-1/2

[Event "Corus"]
[Site "Wijk aan Zee"]
[Date "2010.01.24"]
[Round "8"]
[White "Caruana, Fabiano"]
[Black "Tiviakov, Sergei"]
[Result "1-0"]
[WhiteElo "2675"]
[BlackElo "2662"]
[Annotator "Marin,M"]
[PlyCount "137"]
[EventDate "2010.01.16"]
[EventType "tourn"]
[EventRounds "13"]
[EventCountry "NED"]
[EventCategory "19"]
[SourceTitle "CBM 135"]
[Source "ChessBase"]
[SourceDate "2010.03.17"]
[SourceVersion "1"]
[SourceVersionDate "2010.03.17"]
[SourceQuality "1"]

1. e4 {Tiviakov} d5 2. exd5 Qxd5 3. Nc3 Qd6 4. d4 Nf6 5. Nf3 c6 6. g3 Bg4 7.
Bg2 e6 8. O-O Be7 9. h3 {An interesting approach. White wants to get the
bishops pair and simplify towards a favourable ending. In doing so, he will
avoid not only weakening the dark squares with pseudo-active moves such as
c2-c4, but also avoid to expose his dark-squared bishop to an early exchange.}
({It seems hard to refrain from} 9. Bf4 {, but this not only drives the queen
on a more stable square, but also makes the bishop vulnerable.}) 9... Bxf3 10.
Bxf3 O-O 11. Ne2 {Consequently played.} ({The following game is a good example
of neutralizing Whites bishops pair>} 11. Bf4 Qd8 12. Qd3 Nbd7 13. Ne2 Re8 14.
Rfd1 Bf8 15. Bg2 Qc8 16. c4 {Weakens d4.} e5 17. Be3 {So, after all, White has
lost a tempo with his bishop.} exd4 18. Nxd4 Nc5 19. Qc2 a5 {The queenside
structure ressembles the classical fianchetto KI; please refer to Zuerich 1953
by Bronstein.} 20. Re1 Qc7 {The queen has reached the optimal square.} 21. Nf5
Ne6 22. Rad1 Bc5 $11 {Socko,B (2631)-Tiviakov,S (2686)/Germany 2008/CBM 127
Extra (1/2, 37)}) 11... Nbd7 12. Bg2 (12. Bf4 {Tiviakov} e5 13. dxe5 Nxe5 14.
Bg2 Rfe8 $11 (14... Rad8 $5)) 12... e5 13. c3 $1 {The key to White's plan. The
dark squares should be maintained well defended.} Rad8 (13... Rfe8 $5 {Tiviakov
}) 14. Qb3 Qc7 (14... Nb6 {Tiviakov} 15. a4 exd4 16. Nxd4 $14) 15. dxe5 Nxe5
16. Be3 Nfd7 17. Rad1 Nc5 (17... Rfe8 $5 {Tiviakov}) 18. Qc2 Nc4 19. Bf4 Bd6
20. Bg5 Be7 21. Bf4 Bd6 22. Bc1 Rfe8 23. b3 Nb6 (23... Ne5 {Tiviakov} 24. Rfe1
$14) 24. Nd4 (24. Rfe1 $142 $14 {Tiviakov}) 24... Ne6 (24... Be5 $142 {
(Tiviakov) (/\Nd5)} 25. Rfe1 Nd5 26. Nf3 Bf6 27. Bd2 Ne6 $11) 25. Nxe6 Rxe6 26.
Rfe1 Rxe1+ (26... Be5 {Tiviakov} 27. Rxd8+ Qxd8 28. c4 $14) 27. Rxe1 Nd5 28. a3
$1 $14 {Same policy. Before playing c3-c4, White wants to make sure that Black
will obtain no blockade on dark squares.} Qc8 (28... Be5 {Tiviakov} 29. c4 $14
(29. Qe2 $14)) (28... Qd7 {Tiviakov} 29. c4 Nc7 30. b4 $14) 29. b4 (29. c4 {
Tiviakov} Nc7 30. c5 Bf8 31. b4 $14) 29... Re8 30. Rxe8+ Qxe8 31. c4 Nc7 (31...
Nf6 {Tiviakov} 32. Qd3 $14 {/\Be3} (32. Qc3 $14)) 32. Qd3 $1 Qe1+ (32... Be5 {
Tiviakov} 33. Be3 a6 $14) 33. Kh2 Qe7 34. Bg5 (34. Be3 {Tiviakov} a6 35. Be4 g6
36. f4 $14) 34... Qe6 35. h4 $14 {/+/- The bishops pair is quite dangerous in
this kind of positions, with pawns on both wings and a pawn-free centre.} g6 {
Black displays his pawns on light squares in order to restrict the g2-bishop,
but this will leave his king exposed.} 36. Qd4 a6 (36... b6 {Tiviakov} 37. Bxc6
Bxg3+ 38. Kxg3 Qxc6 39. Qd8+ Ne8 40. c5 $16) 37. Bh3 (37. c5 $142 {Tiviakov}
Be7 (37... Bf8 38. Qd8 $16) 38. Bh6 $14) 37... f5 38. Qa7 $6 (38. Bg2 $14 {
Tiviakov}) 38... Qc8 39. Qd4 Bf8 $1 40. Bf6 Ne6 (40... c5 $5 {Tiviakov} 41. Qc3
$14 (41. bxc5 Ne6 42. Qd5 Bxc5 $14 43. g4 Qc6 44. gxf5 Qxd5 45. cxd5 Bd6+ 46.
Kg1 Nf4 $11)) 41. Qe5 Kf7 42. c5 {Starting with this moment, Black will
permanently face the danger of a bishop's intrusion to c8. He has no obvious
solution to his problems. The position with queens on board is dangerous, but
so would be the ending...} Qc7 43. Qc3 Bg7 $2 (43... b6 {Tiviakov} 44. Be5 (44.
cxb6 Qxb6 45. Qb2 (45. Kg1 c5 $15) 45... c5 $11) 44... Qd8 45. cxb6 (45. Qf3
Nd4 $11) 45... Qxb6 46. Kg1 (46. Qf3 c5 $11) 46... c5 47. Qe3 Qd8 48. Bc3 cxb4
49. axb4 $14) 44. Bxg7 Nxg7 {One bishop has been exchanged, but the remaining
has no rival on light squares.} 45. Bf1 $1 $16 f4 46. Bc4+ Ke8 (46... Kf8 {
Tiviakov} 47. Qf6+ Ke8 48. g4 $18) 47. g4 Qe7 48. Kg1 $16 (48. g5 $16 {Tiviakov
}) (48. Kh3 {Tiviakov} h5 49. Qd3 $16) 48... h5 $6 (48... g5 $142 {Tiviakov}
49. Qd4 (49. h5 Kd8 $14) 49... h6 50. h5 $16) 49. Qd3 $18 Qf6 (49... g5 {
Tiviakov} 50. gxh5 $18) 50. g5 Qf5 51. Qd6 f3 52. Qb8+ Ke7 53. Qd6+ (53. Qxb7+
{Tiviakov} Kf8 54. Qb8+ Ne8 55. Bxa6 $18) 53... Ke8 54. Bd3 Qg4+ 55. Kf1 Qg2+
56. Ke1 Qg1+ 57. Kd2 Qxf2+ 58. Kd1 Qg1+ 59. Kc2 Qf2+ 60. Kb3 Qe3 61. Ka4 Qe7
62. Bxg6+ Kf8 63. Qb8+ Ne8 64. Qf4+ Kg8 65. Bxh5 Nc7 66. Bxf3 Nb5 67. g6 a5 68.
h5 axb4 69. h6 1-0

[Event "SUI-chT"]
[Site "Switzerland"]
[Date "2010.02.14"]
[Round "1.1"]
[White "Caruana, Fabiano"]
[Black "Renet, Olivier"]
[Result "1-0"]
[WhiteElo "2675"]
[BlackElo "2504"]
[PlyCount "107"]
[EventDate "2010.02.14"]
[EventType "team-tourn"]
[EventRounds "9"]
[EventCountry "SUI"]
[SourceTitle "EXT 2011"]
[Source "ChessBase"]
[SourceDate "2010.11.26"]
[SourceVersion "1"]
[SourceVersionDate "2010.11.26"]
[SourceQuality "1"]
[WhiteTeam "Winterthur"]
[BlackTeam "Geneve"]
[WhiteTeamCountry "SUI"]
[BlackTeamCountry "SUI"]

1. e4 e5 2. Nf3 Nc6 3. Bb5 a6 4. Ba4 Nf6 5. O-O Be7 6. Re1 b5 7. Bb3 d6 8. c3
O-O 9. h3 Na5 10. Bc2 c5 11. d4 Qc7 12. Nbd2 Bd7 13. Nf1 Nc4 14. Ng3 Rfb8 15.
Nf5 Bxf5 16. exf5 exd4 17. cxd4 Re8 18. a4 Rad8 19. axb5 axb5 20. Bd3 d5 21. b3
cxd4 22. Bg5 Qb6 23. Ra2 h6 24. Bh4 Nd6 25. Qa1 Nde4 26. Ra6 Qb8 27. Qa5 Qf4
28. Bxb5 Rf8 29. Bg3 Qxf5 30. Nxd4 Qg6 31. Bd3 Rc8 32. Nc6 Bd8 33. Nxd8 Rfxd8
34. Bc7 Rd7 35. Bb6 Qg5 36. f3 Nd6 37. Ra8 g6 38. Be3 Qg3 39. Rxc8+ Nxc8 40.
Bd4 Ne4 41. Rc1 Ned6 42. Qxd5 Rd8 43. Qe5 Qxe5 44. Bxe5 Ne8 45. Ba6 Nb6 46. b4
f6 47. Bg3 Rd2 48. b5 Nd5 49. Bb7 Kf7 50. Bc6 g5 51. Be1 Rd3 52. Rb1 Nd6 53. b6
Ne7 54. Ba8 1-0

[Event "SUI-chT"]
[Site "Switzerland"]
[Date "2010.04.25"]
[Round "3.1"]
[White "Cvitan, Ognjen"]
[Black "Caruana, Fabiano"]
[Result "1/2-1/2"]
[WhiteElo "2554"]
[BlackElo "2675"]
[PlyCount "123"]
[EventDate "2010.02.14"]
[EventType "team-tourn"]
[EventRounds "9"]
[EventCountry "SUI"]
[SourceTitle "EXT 2011"]
[Source "ChessBase"]
[SourceDate "2010.11.26"]
[SourceVersion "1"]
[SourceVersionDate "2010.11.26"]
[SourceQuality "1"]
[WhiteTeam "Riehen"]
[BlackTeam "Winterthur"]
[WhiteTeamCountry "SUI"]
[BlackTeamCountry "SUI"]

1. c4 e5 2. Nc3 Bb4 3. Nd5 a5 4. a3 Be7 5. d4 d6 6. e3 Nf6 7. Nc3 Bf5 8. Bd3
Bxd3 9. Qxd3 O-O 10. Nf3 Nbd7 11. b3 Re8 12. O-O Bf8 13. Qc2 e4 14. Nd2 Qe7 15.
a4 c6 16. Ba3 Qe6 17. h3 d5 18. Bxf8 Nxf8 19. Rac1 Qd7 20. f3 exf3 21. Rxf3 Re7
22. Nf1 Rae8 23. Qf2 Ng6 24. Ng3 Re6 25. Nf5 Ne4 26. Qe1 Ng5 27. Rf2 Ne7 28.
cxd5 cxd5 29. Qf1 h6 30. Nxe7+ R6xe7 31. Rf5 Rxe3 32. Nxd5 R3e4 33. Qf2 Rxd4
34. Qxd4 Qxf5 35. Ne7+ Rxe7 36. Qd8+ Kh7 37. Qxe7 Qf4 38. Rc4 Qg3 39. Kh1 Qxb3
40. Qe2 b5 41. Qc2+ Qxc2 42. Rxc2 bxa4 43. Ra2 h5 44. Rxa4 Ne6 45. Rxa5 Kg6 46.
g3 f5 47. Kg2 Kf6 48. h4 g6 49. Kf3 Kf7 50. Ke3 Kf6 51. Rd5 Nc7 52. Rc5 Ne6 53.
Ra5 Kf7 54. Ra2 Kf6 55. Re2 Ng7 56. Kd4 f4 57. gxf4 Nf5+ 58. Kd5 Nxh4 59. Rh2
Nf5 60. Ra2 Ng3 61. Rg2 h4 62. Rh2 1/2-1/2

[Event "SUI-chT"]
[Site "Switzerland"]
[Date "2010.11.06"]
[Round "8.1"]
[White "Prusikin, Michael"]
[Black "Caruana, Fabiano"]
[Result "0-1"]
[WhiteElo "2542"]
[BlackElo "2675"]
[PlyCount "55"]
[EventDate "2010.02.14"]
[EventType "team-tourn"]
[EventRounds "9"]
[EventCountry "SUI"]
[SourceTitle "EXT 2011"]
[Source "ChessBase"]
[SourceDate "2010.11.26"]
[SourceVersion "1"]
[SourceVersionDate "2010.11.26"]
[SourceQuality "1"]
[WhiteTeam "Wollishofen"]
[BlackTeam "Winterthur"]
[WhiteTeamCountry "SUI"]
[BlackTeamCountry "SUI"]

1. d4 d5 2. c4 c6 3. e3 Nf6 4. Bd3 e5 5. Nc3 Bb4 6. Nge2 e4 7. Bc2 O-O 8. Bd2
Bd6 9. h3 Na6 10. a3 Nc7 11. Qb1 Re8 12. c5 Bf8 13. b4 b6 14. cxb6 axb6 15. a4
Bd6 16. b5 cxb5 17. axb5 Rxa1 18. Qxa1 Bd7 19. Qb2 Nh5 20. g4 Nf6 21. Qb3 h6
22. Bd1 Qa8 23. Ng3 Ne6 24. Na4 Bxg3 25. Nxb6 Qb8 26. Nxd7 Nxd7 27. fxg3 Qxg3+
28. Kf1 0-1